Atlas of pathophysiology. (Record no. 726)

MARC details
000 -LEADER
fixed length control field 01342cam a22003614a 4500
001 - CONTROL NUMBER
control field 12368041
003 - CONTROL NUMBER IDENTIFIER
control field OSt
005 - DATE AND TIME OF LATEST TRANSACTION
control field 20141107143232.0
008 - FIXED-LENGTH DATA ELEMENTS--GENERAL INFORMATION
fixed length control field 010403s2002 paua b 001 0 eng
010 ## - LIBRARY OF CONGRESS CONTROL NUMBER
LC control number 2001031149
020 ## - INTERNATIONAL STANDARD BOOK NUMBER
International Standard Book Number 158255109X (alk. paper)
035 ## - SYSTEM CONTROL NUMBER
System control number (DNLM)101092451
040 ## - CATALOGING SOURCE
Original cataloging agency DNLM/DLC
Transcribing agency DLC
Modifying agency DLC
042 ## - AUTHENTICATION CODE
Authentication code pcc
050 00 - LIBRARY OF CONGRESS CALL NUMBER
Classification number RB113
Item number .A87 2002
060 10 - NATIONAL LIBRARY OF MEDICINE CALL NUMBER
Classification number QZ 17
Item number A880398 2001
082 00 - DEWEY DECIMAL CLASSIFICATION NUMBER
Classification number QZ 4 A851c 2002
Edition number 21
245 00 - TITLE STATEMENT
Title Atlas of pathophysiology.
260 ## - PUBLICATION, DISTRIBUTION, ETC. (IMPRINT)
Place of publication, distribution, etc. Springhouse, Pa. :
Name of publisher, distributor, etc. Springhouse,
Date of publication, distribution, etc. c2002.
300 ## - PHYSICAL DESCRIPTION
Extent vii, 423 p. :
Other physical details col. ill. ;
Dimensions 29 cm.
500 ## - GENERAL NOTE
General note At head of title: Anatomical Chart Co.
504 ## - BIBLIOGRAPHY, ETC. NOTE
Bibliography, etc Includes bibliographical references (p. 409) and index.
650 #0 - SUBJECT ADDED ENTRY--TOPICAL TERM
Topical term or geographic name as entry element Physiology, Pathological
Form subdivision Atlases.
9 (RLIN) 1930
650 12 - SUBJECT ADDED ENTRY--TOPICAL TERM
Topical term or geographic name as entry element Pathology
Form subdivision Atlases.
9 (RLIN) 1931
650 22 - SUBJECT ADDED ENTRY--TOPICAL TERM
Topical term or geographic name as entry element Physiology
Form subdivision Atlases.
9 (RLIN) 1932
710 2# - ADDED ENTRY--CORPORATE NAME
Corporate name or jurisdiction name as entry element Springhouse Corporation.
9 (RLIN) 1933
710 2# - ADDED ENTRY--CORPORATE NAME
Corporate name or jurisdiction name as entry element Anatomical Chart Co.
9 (RLIN) 1934
856 42 - ELECTRONIC LOCATION AND ACCESS
Materials specified Publisher description
Uniform Resource Identifier http://www.loc.gov/catdir/enhancements/fy0727/2001031149-d.html
906 ## - LOCAL DATA ELEMENT F, LDF (RLIN)
a 7
b cbc
c orignew
d 1
e ocip
f 20
g y-gencatlg
942 ## - ADDED ENTRY ELEMENTS (KOHA)
Source of classification or shelving scheme Other/Generic Classification Scheme
Koha item type Short Loan
Holdings
Withdrawn status Lost status Source of classification or shelving scheme Damaged status Not for loan Home library Current library Date acquired Source of acquisition Inventory number Total Checkouts Full call number Barcode Date last seen Price effective from Koha item type
    Other/Generic Classification Scheme     MUST Main Library MUST Main Library 07/11/2014   2003/20616   QZ 4 A851c 2002 2014-3332 07/11/2014 07/11/2014 Short Loan